LEADER 01130nam a2200253 4500 001 000000363360 003 CaOOAMICUS 005 20250625115138.0 008 250625s1990 fr 000 u fre r 020 $a2-7073-1343-2 040 $aSeMil$bita 100 1 $aChrétien, Jean-Louis.$0(OLS)http://semarc/name/83007 245 13$aLa voix nue :$bphénoménologie de la promesse /$cJean-Louis Chrétien . 264 1$aParis :$bMinuit,$c1990. 300 $a343 p. ;$c22 cm 490 1 $aPhilosophie 830 0$aPhilosophie.$0(OLS)http://semarc/title/434804 850 $aSeMil 852 $aSeMil$W1$xVenegono$y1$m2P IV 883$j259716$B254217$CSeMilBibl$Z2$F254217 $82 961 $aSequeri mons. Pierangelo - Omaggio 996 $6020$a2-7073-1343-2$9(OLS)http://semarc/number/303498 996 $6245$aLa voix nue :$bphénoménologie de la promesse$9(OLS)http://semarc/title/454548 996 $6264$aParis :$bMinuit$9(OLS)http://semarc/publisher/31943 LEADER 01151nam a2200277 i 4500 001 000000216413 003 CaOOAMICUS 005 20121018000000.0 008 121018s2011 it u000 u ita u 013 $a195303 020 $a978-88-348-1897-8 040 $aSeMil$bita 100 1 $aDalla Torre, Giuseppe,$d<1943-2020>.$0(OLS)http://semarc/name/23596 245 10$aLezioni di diritto ecclesiastico /$cGiuseppe Dalla Torre. 250 $a4. Ed. 260 $aTorino :$bGiappichelli,$c2011. 300 $aVI, 383 p. ;$c24 cm. 490 0 $aCollana della Facoltà di giurisprudenza ;$v19 650 4$aDiritto ecclesiastico.$0(OLS)http://semarc/subject/933 830 0$aCollana della Facoltà di Giurisprudenza ;$v19.$0(OLS)http://semarc/title/177387 850 $aSeMil 852 $aSeMil$W1$xVenegono$y1$m2H V 2$j166832$B166832$CSeMilBibl$Z2$F177661 $81 961 $aAcquisto: L.S. srl 996 $6020$a978-88-348-1897-8$9(OLS)http://semarc/number/213417 996 $6245$aLezioni di diritto ecclesiastico$9(OLS)http://semarc/title/81769 996 $6260$aTorino :$bGiappichelli$9(OLS)http://semarc/publisher/31793 LEADER 00800nas a2200181 i 4500 001 000000007055 003 CaOOAMICUS 005 20180830125438.0 008 180830n it u0 ita u 040 $aSeMil$bita 245 10$aPsicologia sociale e psicoterapia della famiglia /$ccollana diretta da Eugenia Scabini e Vittorio Cigoli. 260 $aMilano :$bFranco Angeli,$c[199.] 300 $av. ;$c23 cm. 500 $aVariante del titolo : Collana di psicologia sociale e psicoterapia della famiglia. 700 1 $aCigoli, Vittorio <1942->.$0(OLS)http://semarc/name/3678 700 1 $aScabini, Eugenia.$0(OLS)http://semarc/name/3677 996 $6245$aPsicologia sociale e psicoterapia della famiglia$9(OLS)http://semarc/title/9447 996 $6260$aMilano :$bFranco Angeli$9(OLS)http://semarc/publisher/30369 LEADER 01465nam a2200265 i 4500 001 000000067263 003 CaOOAMICUS 005 20140221000000.0 008 140221s1981 xx u000 u fre u 013 $a38435 040 $aSeMil$bita 100 1 $aDavid, Bernard.$0(OLS)http://semarc/name/33692 245 12$aL'impuissance est-elle un empechement de droit naturel ou positif? :$betude historico-critique de la thèse de Ponce de Leon /$cBernard David. 260 $aRoma :$bUniversità Gregoriana,$ccopyr. 1981. 300 $a201 p. ;$c24 cm. 490 0 $aAnalecta Gregoriana ;$vVol.220. Series Facultatis Iuris Canonici. Sectio B, n.44 490 0 $aAnalecta Gregoriana. Series Facultatis Iuris Canonici. Sectio B ;$v44 500 $aContiene : Bibliographie. 650 4$aImpotenza sessuale - Diritto canonico.$0(OLS)http://semarc/subject/13144 830 0$aAnalecta Gregoriana ;$vVol.220. Series Facultatis Iuris Canonici. Sectio B, n.44.$0(OLS)http://semarc/title/9 830 0$aAnalecta Gregoriana. Series Facultatis Iuris Canonici. Sectio B ;$v44.$0(OLS)http://semarc/title/21674 850 $aSeMil 852 $aSeMil$W1$xVenegono$y1$m2N V 320$j33416$B33416$CSeMilBibl$Z2$F33419 $81 996 $6245$aL'impuissance est-elle un empechement de droit naturel ou positif? :$betude historico-critique de la thèse de Ponce de Leon$9(OLS)http://semarc/title/107178 996 $6260$aRoma :$bUniversità Gregoriana$9(OLS)http://semarc/publisher/31479 LEADER 01365nam a2200301 i 4500 001 000000121939 003 CaOOAMICUS 005 20040130000000.0 008 040130s2003 it u000 u ita u 013 $a94634 020 $a88-339-1468-2 040 $aSeMil$bita 100 1 $aVirno, Paolo.$0(OLS)http://semarc/name/50705 245 10$aQuando il verbo si fa carne :$blinguaggio e natura umana /$cPaolo Virno ; postfazione di Daniele Gambarara. 260 $aTorino :$bBollati Boringhieri,$c2003. 300 $a244 p. ;$c22 cm. 490 0 $aSaggi : Storia, filosofia e scienze sociali 500 $aContiene : Bibliografia ; Indice analitico. 650 4$aAntropologia filosofica.$0(OLS)http://semarc/subject/976 650 4$aFilosofia del linguaggio.$0(OLS)http://semarc/subject/3184 700 1 $aGambarara, Daniele.$0(OLS)http://semarc/name/50706 830 0$aSaggi. Storia, filosofia e scienze sociali.$0(OLS)http://semarc/title/13104 850 $aSeMil 852 $aSeMil$W1$xVenegono$y1$m56 15 14 *$j76981$B76981$CSeMilBibl$Z2$F79084 $81 961 $aAcquisto: Àncora (Libreria) 996 $6020$a88-339-1468-2$9(OLS)http://semarc/number/107582 996 $6245$aQuando il verbo si fa carne :$blinguaggio e natura umana$9(OLS)http://semarc/title/179648 996 $6260$aTorino :$bBollati Boringhieri$9(OLS)http://semarc/publisher/31556